000 01392cab a22002175a 4500
001 L139286
008 070724s2007 xxkd f 000 0 eng d
035 _a(Sirsi) u139286
041 0 _aeng
110 1 _aCampaign to Protect Rural England
_94718
245 0 0 _aPlanning for housing affordability
_bwhy providing more land will not reduce house prices
_h[electronic resource]
260 _c2007
520 _aPresents the findings of research concluding that increasing land supply would make little difference to either housebuilding rates or house prices. Argues that the government's policy of planning relaxation will encourage developers to use greenfield sites rather than redevelop city areas. Size, type and quality of homes has the greatest influence on house prices. Increased higher building rates would have only a small, delayed effect on house prices. House prices are dictated more by ability to pay than by land supply. Their continued rise reflects a widespread rise in income. Planning must be tailored to the needs of local communities.
590 _aKA NTK
650 2 4 _aAffordable housing
_96215
650 2 4 _aHOUSING GREEN PAPER 2007
651 4 _aUnited Kingdom
_y
690 _aPROPERTY-RESIDENTIAL PROPERTY-RESIDENTIAL PROPERTY DEVELOPMENT
856 4 0 _uhttps://www.cpre.org.uk/news/view/416
_zView the article free of charge at www.cpre.org.uk...
942 _n0
999 _c79040
_d79040